Statistics for Global Cities Quiz

Click here to take the quiz!

General Stats

  • This quiz has been taken 111,607 times
    (30,318 since last reset)
  • The average score is 35 of 50

Answer Stats

Rank City % Correct
1New York City
99%
2London
98%
3Paris
97%
4Tokyo
94%
6Los Angeles
94%
16Berlin
93%
34Rome
92%
14Moscow
92%
9Beijing
91%
13Madrid
90%
15Sydney
87%
8Chicago
82%
38Mexico City
82%
19Shanghai
80%
11Washington D.C.
78%
23Barcelona
78%
22Amsterdam
76%
18Toronto
75%
20San Francisco
75%
5Hong Kong
73%
12Seoul
72%
40Milan
72%
39Stockholm
72%
30Miami
72%
10Brussels
70%
26Istanbul
69%
44Dublin
68%
25Buenos Aires
67%
7Singapore
67%
17Melbourne
66%
32Munich
65%
24Boston
65%
21Vienna
65%
41Houston
65%
46Dallas
64%
28Dubai
64%
42Copenhagen
63%
48Seattle
62%
31São Paulo
61%
37Vancouver
61%
43Bangkok
60%
29Frankfurt
54%
27Montreal
52%
33Zurich
52%
47Prague
51%
50Osaka
50%
49Kuala Lumpur
46%
35Atlanta
45%
45Taipei
43%
36Geneva
41%

Score Distribution

Percentile by Number Answered

Percent of People with Each Score

Your Score History

You have not taken this quiz since the last reset